header

Wet prairie (Record no. 125380)

MARC details
000 -LEADER
fixed length control field 01757nam a2200445 a 4500
082 04 - DEWEY DECIMAL CLASSIFICATION NUMBER
Classification number 333.76/097127
100 1# - MAIN ENTRY--AUTHOR NAME
Personal name Stunden Bower, Shannon,
245 10 - TITLE STATEMENT
Title Wet prairie
260 ## - PUBLICATION, DISTRIBUTION, ETC. (IMPRINT)
Place of publication Vancouver [B.C.] :
Name of publisher UBC Press,
Year of publication 2011.
300 ## - PHYSICAL DESCRIPTION
Number of Pages xxiii, 238 p. :
Other physical details ill., maps.
490 1# - SERIES STATEMENT
Series statement Nature, history, and society series,
650 #0 - SUBJECT ADDED ENTRY--TOPICAL TERM
Topical Term Agriculture
Topical Term Drainage
Topical Term Watershed management
Topical Term Agriculture and state
Topical Term Agriculture
856 40 - ELECTRONIC LOCATION AND ACCESS
Uniform Resource Identifier http://site.ebrary.com/lib/rucke/Doc?id=10492766

No items available.

© 2026 Rongo University
Contact us: librarian | system librarian | Rongo university